| 000 | 00351nam a22001457a 4500 | ||
|---|---|---|---|
| 008 | 210302b ||||| |||| 00| 0 eng d | ||
| 020 | _a9780030355097 | ||
| 041 | _aeng | ||
| 080 |
_29th _a330.101.541 |
||
| 082 | _a330.101.541 | ||
| 100 | _a52 | ||
| 101 | _aMAKRO | ||
| 245 |
_aMacroeconomics Principles and Policy _cBaumol, W. J |
||
| 942 |
_2udc _cBK |
||
| 999 |
_c55497 _d55497 |
||